00948na a2200277 450000100060000000300080000600500170001400800410003102000180007203500100009004000250010004100080012508200240013309000230015710000190018024501080019924600380030726000580034530000370040349000410044050400200048165000360050194200130053795201050055099900150065521450MIRAKIL20181213155009.0170204b tu 000 0  a9786056539640 a21450 aMilasbturcTR-AnCHP atur a321.9042bK26k 2015 a321.9042 K26k 2015 aKaptı, Alican aKarşılaştırmalı analiz ve başkanlık sitemi ve TürkiyecAlican Kaptı, Sebahattin Gültekin aBaşkanlık sistemi ve Türkiye aAnkarabGlobal Politika ve Strateji Yayınlarıc2015 a149bfotg. ; hrt. ; tbl.c27 sm. aGlobal Politika ve Strateji Raporv2 aKaynakça var. aBaşkanlık sistemizTürkiye 2ddccBKS a0001b0001d2017-02-04e2l0o321.9042 K26k 2015p015522r2017-02-04 00:00:00v0.00w2017-02-04yBKS c4539d4539